Torres' patient care in imaging technology / (Record no. 294685)
[ view plain ]
| 000 -LEADER | |
|---|---|
| fixed length control field | 01987cam a22003858a 4500 |
| 001 - CONTROL NUMBER | |
| control field | 17377825 |
| 003 - CONTROL NUMBER IDENTIFIER | |
| control field | PILC |
| 005 - DATE AND TIME OF LATEST TRANSACTION | |
| control field | 20160523093437.0 |
| 008 - FIXED-LENGTH DATA ELEMENTS--GENERAL INFORMATION | |
| fixed length control field | 120703s2013 pau b 001 0 eng |
| 010 ## - LIBRARY OF CONGRESS CONTROL NUMBER | |
| LC control number | 2012027163 |
| 020 ## - INTERNATIONAL STANDARD BOOK NUMBER | |
| International Standard Book Number | 9781451115659 |
| 020 ## - INTERNATIONAL STANDARD BOOK NUMBER | |
| International Standard Book Number | 9781496339928 |
| 035 ## - SYSTEM CONTROL NUMBER | |
| System control number | (DNLM)101587465 |
| 040 ## - CATALOGING SOURCE | |
| Original cataloging agency | DNLM/DLC |
| Transcribing agency | DLC |
| Modifying agency | DLC |
| 042 ## - AUTHENTICATION CODE | |
| Authentication code | pcc |
| 050 00 - LIBRARY OF CONGRESS CALL NUMBER | |
| Classification number | RC 78 |
| Item number | .T67 2013 |
| 060 10 - NATIONAL LIBRARY OF MEDICINE CALL NUMBER | |
| Classification number | WN 160 |
| 082 00 - DEWEY DECIMAL CLASSIFICATION NUMBER | |
| Classification number | 616.07/57 |
| 100 1# - MAIN ENTRY--PERSONAL NAME | |
| Personal name | Dutton, Andrea Guillen. |
| 245 10 - TITLE STATEMENT | |
| Title | Torres' patient care in imaging technology / |
| Statement of responsibility, etc | authors, Andrea Guillen Dutton, Terriann Linn-Watson, Lillian S. Torres. |
| 246 1# - VARYING FORM OF TITLE | |
| Title proper/short title | Patient care in imaging technology |
| 250 ## - EDITION STATEMENT | |
| Edition statement | 8th edition. |
| 260 ## - PUBLICATION, DISTRIBUTION, ETC. (IMPRINT) | |
| Place of publication, distribution, etc | Philadelphia : |
| Name of publisher, distributor, etc | Wolters Kluwer Health/Lippincott Williams & Wilkins, |
| Date of publication, distribution, etc | 2013. |
| 300 ## - PHYSICAL DESCRIPTION | |
| Extent | xxii, 378 pages : |
| Dimensions | 26 cm. |
| Other physical details | illustrations ; |
| 500 ## - GENERAL NOTE | |
| General note | Includes bibliographical references and index. |
| 500 ## - GENERAL NOTE | |
| General note | Rev. ed. of: Patient care in imaging technology / Lillian S. Torres, Andrea Guillen Dutton, TerriAnn Linn-Watson. 7th ed. c2010. |
| 505 0# - FORMATTED CONTENTS NOTE | |
| Formatted contents note | Introduction to radiography, safety, and student success --Professional issues -- Patient assessment and communication -- Patient care and safety -- Infection control -- Vital signs and oxygen administration -- Pediatric imaging radiography -- Geriatric imaging -- Medical emergencies -- Trauma and mobile imaging -- Urologic procedures -- Gastrointestinal procedures -- Alternative medical treatments -- Use of aseptic technique in imaging -- Pharmacology for the radiographer -- Drug administration and venipuncture -- Basic electrocardiogram ecg monitoring -- Advanced modalities and special procedures. |
| 650 12 - SUBJECT ADDED ENTRY--TOPICAL TERM | |
| Topical term or geographic name as entry element | Technology, Radiologic |
| General subdivision | methods. |
| 650 22 - SUBJECT ADDED ENTRY--TOPICAL TERM | |
| Topical term or geographic name as entry element | Patient Care |
| General subdivision | methods. |
| 700 1# - ADDED ENTRY--PERSONAL NAME | |
| Personal name | Linn-Watson, TerriAnn. |
| 700 1# - ADDED ENTRY--PERSONAL NAME | |
| Personal name | Torres, Lillian S. |
| 700 1# - ADDED ENTRY--PERSONAL NAME | |
| Personal name | Torres, Lillian S. |
| Title of a work | Patient care in imaging technology. |
| 906 ## - LOCAL DATA ELEMENT F, LDF (RLIN) | |
| a | 7 |
| b | cbc |
| c | orignew |
| d | 1 |
| e | ecip |
| f | 20 |
| g | y-gencatlg |
| 942 ## - ADDED ENTRY ELEMENTS (KOHA) | |
| Source of classification or shelving scheme | Library of Congress Classification |
| Koha item type | Books |
| Withdrawn status | Lost status | Source of classification or shelving scheme | Damaged status | Home library | Current library | Shelving location | Date acquired | Source of acquisition | Cost, normal purchase price | Sub Shelving location | Total Checkouts | Full call number | Barcode | Date last seen | Price effective from | Koha item type |
|---|---|---|---|---|---|---|---|---|---|---|---|---|---|---|---|---|
| Library of Congress Classification | South SEED-LPDH College Library | South SEED-LPDH College Library | South SEED-LPDH College Section | 05/23/2016 | Library Fund | 598.00 | RC 78 .T67 2013 | SSLC1426 | 05/15/2018 | 05/23/2016 | Books |